000 00774nam a22001937a 4500
999 _c194065
_d194065
005 20230302102426.0
010 _aB-746201-205 E.N.A./7.11.22
020 _a9789387698765
_c875.00
035 _aB-746201-205
037 _bEss Ess Publication
082 _a025.00285
100 _aBalasubramaniam, P.
245 _aDigital Libraries/
_cP. Balasubramaniam
260 _aNew Delhi
_bEss Ess Publication
_c2021
270 _a4831/24, Ansari Road, Daryaganj,
_bNew Delhi
_e110002
_k011-23260807
300 _a211p.
_c23cm(hbk)
942 _2ddc
_cEN
_mBAL
_h025.00285